| 000 | 00522nam a2200181Ia 4500 | ||
|---|---|---|---|
| 003 | GCL | ||
| 008 | 140319s9999 xx 000 0 ara d | ||
| 040 |
_aGCL / _cGCL |
||
| 082 | 0 | 4 |
_a576 _bس ا |
| 100 | 1 | _aسميث، جون | |
| 245 | 1 | 0 |
_aاساسيات التقنية الاحيائية / _cسميث، جون |
| 700 | 1 | _aعبدالعزيز حامد ابو زناد | |
| 300 | _a216 ص | ||
| 490 | _a | ||
| 650 | 0 | 4 | _aالكيمياء الصناعية |
| 650 | 0 | 4 | _aالكائنات الدقيقة |
| 942 |
_2ddc _cBK |
||
| 999 |
_c41926 _d41926 |
||